Modern day countries controlled by the Holy Roman Empire - Statistics

General Stats
  • This quiz has been taken 69 times
  • The average score is 14 of 15
Answer Stats
Hint Answer % Correct
Partially Conquered Germany
98%
Partially Conquered Italy
98%
Partially Conquered Austria
97%
Partially Conquered France
97%
Fully Conquered Switzerland
97%
Fully Conquered Luxembourg
95%
Partially Conquered Poland
95%
Fully Conquered Belgium
93%
Fully Conquered Netherlands
93%
Fully Conquered Czechia
92%
Fully Conquered Liechtenstein
92%
Fully Conquered Slovenia
92%
Partially Conquered Croatia
90%
Fully Conquered Monaco
80%
Partially Conquered Russia
68%
No matching quizzes found
Score Distribution
Percent of People with Each Score
Percentile by Number Answered
Your Score History
You have not taken this quiz